The Films of Federico Fellini - Statistics

General Stats
  • This quiz has been taken 131 times
  • The average score is 11 of 24
Answer Stats
Hint Answer % Correct
1954 La strada
95%
1960 La Dolce Vita
94%
1963 8 1/2
91%
1973 Amarcord
82%
1972 Roma
75%
1957 Le notti di Cabiria
70%
1953 I Vitelloni
69%
1969 Fellini Satyricon
65%
1965 Giulietta degli spiriti
62%
1952 Lo sceicco bianco
43%
1955 Il bidone
42%
1986 Ginger e Fred
36%
1983 E la nave va
35%
1970 I clowns
34%
1950 Luci del varietà
34%
1980 La città delle donne
32%
1987 Intervista
31%
1976 Il Casanova di Federico Fellini
30%
1968 Histoires extraordinaires
25%
1978 Prova d'orchestra
23%
1962 Boccaccio '70
22%
1990 La voce della luna
18%
1953 L'amore in città
9%
1969 Fellini: A Director's Notebook
5%
No matching quizzes found
Score Distribution
Percent of People with Each Score
Percentile by Number Answered
Your Score History
You have not taken this quiz